Ägypten : die photographische Entdeckung im 19. Jahrhundert /

محفوظ في:

المؤلف الرئيسي: Grimm, Alfred, 1953-

مؤلفون آخرون: Du Camp, Maxime, 1822-1894., Frith, Francis.

التنسيق: كتاب

اللغة: German

منشور في: 1. Aufl. Laterna Magica, 1980.
München :

سلاسل: Edition photographica.

الموضوعات:

الوسوم: إضافة وسم

لا توجد وسوم, كن أول من يضع وسما على هذه التسجيلة!

رقم الطلب: DT47 .G74 1980

LEADER 01014nam a2200289Ia 4500
003 OSt
005 20230525072644.0
008 820109s1980 gw a b 00010 ger u
952 |0 0  |1 0  |2 lcc  |4 0  |6 DT0047 G74 01980  |7 1  |9 47496  |a ARCE  |b ARCE  |d 2023-05-25  |l 0  |o DT47 .G74 1980  |p 1008325  |r 2023-05-25 00:00:00  |w 2023-05-25  |y BK 
999 |c 47565  |d 47565 
020 |a 387467181X 
040 |c ARCE Library 
050 4 |a DT47 .G74 1980 
100 1 |a Grimm, Alfred,   |d 1953- 
245 1 0 |a Ägypten :   |b die photographische Entdeckung im 19. Jahrhundert /   |c Alfred Grimm. 
260 |a 1. Aufl. 
264 1 |a München :   |b Laterna Magica,   |c 1980. 
300 |a 128 p. :   |b chiefly ill. ;   |c 28 cm. 
490 0 |a Edition photographica. 
500 |a Text by A. Grimm; photographs by M. Du Camp and F. Frith. 
500 |a Maps on lining papers. 
504 |a Bibliography: p. 128. 
651 0 |a Egypt   |v Pictorial works. 
700 1 |a Du Camp, Maxime,   |d 1822-1894. 
700 1 |a Frith, Francis. 
901 |a reviewed 
942 |2 lcc  |c BK